Sports Quiz

Random Sports or MLB Quiz

MLB Unanimous MVP's Quiz Stats

 Plays Quiz not verified by Sporcle

Score 0/20 Timer 07:00
0 Plays Today
Year (League) Player % Correct
2002 (N.L.)Barry Bonds
93.7%
1923 (A.L.)Babe Ruth
93.3%
2014 (A.L.)Mike Trout
90.5%
2009 (N.L.)Albert Pujols
90.1%
1956 (A.L.)Mickey Mantle
85.3%
1980 (N.L.)Mike Schmidt
85.3%
1961 (N.L.)Frank Robinson
78.2%
1966 (A.L.)Frank Robinson
78.2%
1997 (A.L.)Ken Griffey, Jr.
77.4%
1993 (A.L.)Frank Thomas
77%
Year (League) Player % Correct
1973 (A.L.)Reggie Jackson
73%
1911 (A.L.)Ty Cobb
72.6%
1996 (N.L.)Ken Caminiti
72.2%
1988 (A.L.)Jose Canseco
71.8%
1968 (A.L.)Denny McLain
70.6%
1994 (N.L.)Jeff Bagwell
69.4%
1935 (A.L.)Hank Greenberg
59.5%
1967 (N.L.)Orlando Cepeda
49.2%
1953 (A.L.)Al Rosen
47.2%
1936 (N.L.)Carl Hubbell
44.8%

You're not logged in!

Compare scores with friends on all Sporcle quizzes.
Join for Free
OR
Log In

You Might Also Like...

Show Comments

Extras

Top Quizzes Today


Score Distribution

Your Account Isn't Verified!

In order to create a playlist on Sporcle, you need to verify the email address you used during registration. Go to your Sporcle Settings to finish the process.

Report this User

Report this user for behavior that violates our Community Guidelines.

Details: